Зал ожидания. Кн. 1, ч. 4-5: Успех | Кн. 2: Семья Опперман (Запись № 11500769)

Подробности
000 -МАРКЕР
контрольное поле 01347nam2a2200265 4500
001 - ИДЕНТИФИКАТОР ЗАПИСИ
контрольное поле RU\NLR\BIBL_A\012020855
005 - ИДЕНТИФИКАТОР ВЕРСИИ
контрольное поле 20190613154414.0
010 ## - МЕЖДУНАРОДНЫЙ СТАНДАРТНЫЙ НОМЕР КНИГИ (ISBN)
Номер (ISBN) 978-5-4224-1528-1
Уточнения кн. 2
021 ## - НОМЕР ГОСУДАРСТВЕННОЙ РЕГИСТРАЦИИ
Код страны Российская Федерация
Номер КН-П-19-031716
Номер Листа государственной регистраци КН-П-19-2364
035 ## - ДРУГИЕ СИСТЕМНЫЕ НОМЕРА
Идентификатор записи (NLR Aleph) 012020855
035 ## - ДРУГИЕ СИСТЕМНЫЕ НОМЕРА
Идентификатор записи (RuMoRGB)009966942
100 ## - ДАННЫЕ ОБЩЕЙ ОБРАБОТКИ
Данные общей обработки 20190523d2019 u y0rusy50 ca
101 1# - ЯЗЫК РЕСУРСА
Язык текста, звукозаписи и т.д. русский
Язык оригинала немецкий
102 ## - СТРАНА ПУБЛИКАЦИИ ИЛИ ПРОИЗВОДСТВА
Страна публикации Российская Федерация
105 ## - ПОЛЕ КОДИРОВАННЫХ ДАННЫХ: ТЕКСТОВЫЕ МАТЕРИАЛЫ, МОНОГРАФИЧЕСКИЕ
Кодированные данные о монографическом текстовом документе y|||z|||000zy
200 1# - ЗАГЛАВИЕ И СВЕДЕНИЯ ОБ ОТВЕТСТВЕННОСТИ
Основное заглавие Успех
Сведения, относящиеся к заглавию три года из истории одной провинции
Основное заглавие Кн. 2: Семья Опперман
Первые сведения об ответственности [пер. с нем. В. Вальдман, И. Горкиной]
215 ## - ФИЗИЧЕСКАЯ ХАРАКТЕРИСТИКА
Специфическое обозначение материала и объем 734, [1] с.
461 #0 - УРОВЕНЬ НАБОРА
Встроенное поле 001RU\NLR\BIBL_A\012020852
-- 2001#$aЗал ожидания$eтрилогия$e[перевод с немецкого]$fЛион Фейхтвангер$vКн. 1, ч. 4-5
-- 700#1$aФейхтвангер$bЛ.$f1884-1958$gЛион$3RU\NLR\AUTH\7715186
Системный номер (АБИС) связанной записи 11500753
Автор Фейхтвангер, Л. (1884-1958)
Место публикации Москва
Дата публикации 2019
Первые сведения об ответственности Лион Фейхтвангер
Имя издателя, распространителя и т.д. Терра
Сведения, относящиеся к заглавию трилогия : [перевод с немецкого]
Заглавие Зал ожидания
ISBN 9785422415267
Номер тома Кн. 1, ч. 4-5
517 1# - ДРУГИЕ ВАРИАНТЫ ЗАГЛАВИЯ
Вариант заглавия Семья Опперман
942 ## - ДОПОЛНИТЕЛЬНЫЕ ЭЛЕМЕНТЫ ЗАПИСИ (АБИС)
Тип экземпляра АБИС Книга
980 ## - КОЛЛЕКЦИЯ
Название коллекции Национальная библиография
Экземпляры
Тип экземпляра Дата поступления Источник поступления Стоимость Библиотека постоянного хранения Библиотека текущего хранения Место хранения Шифр хранения Штрих-код Статус экземпляра
Книга 23.05.2019 Обязательный экземпляр 0.00 РНБ (Московский) РНБ (Московский) Русский книжный фонд: издания с 1957 года 2019-3/14068 1-2737285  
Книга 23.05.2019 Обязательный экземпляр 0.00 РНБ (Московский) РНБ (Московский) Русский книжный фонд: издания с 1957 года 2019-3/14068 1-2737284